My dog , Ike / (Record no. 9783)

MARC details
000 -LEADER
fixed length control field 00843nam a22002777a 4500
001 - CONTROL NUMBER
control field 9783
003 - CONTROL NUMBER IDENTIFIER
control field FISKH
005 - DATE AND TIME OF LATEST TRANSACTION
control field 20260224103453.0
008 - FIXED-LENGTH DATA ELEMENTS--GENERAL INFORMATION
fixed length control field 260224b cb ||||| |||| 00| 0 eng d
020 ## - INTERNATIONAL STANDARD BOOK NUMBER
International Standard Book Number 1880892588
040 ## - CATALOGING SOURCE
Original cataloging agency FISKH
Language of cataloging eng
Transcribing agency FISKH
Modifying agency FISKH
082 ## - DEWEY DECIMAL CLASSIFICATION NUMBER
Classification number 813.6
100 ## - MAIN ENTRY--PERSONAL NAME
Personal name Nichols , Yuriko
245 ## - TITLE STATEMENT
Title My dog , Ike /
Statement of responsibility, etc. written by Yuriko Nichols : Illustrated by Ron Wheeler
260 ## - PUBLICATION, DISTRIBUTION, ETC.
Place of publication, distribution, etc. Melrose , FL :
Name of publisher, distributor, etc. Common Sense Press ,
Date of publication, distribution, etc. 1998 .
300 ## - PHYSICAL DESCRIPTION
Extent 10 pages :
Other physical details illustrations ;
Dimensions 14 X 21 cm .
490 ## - SERIES STATEMENT
Series statement long Vowel Reader
Volume/sequential designation Book 5
505 ## - FORMATTED CONTENTS NOTE
Formatted contents note C <br/>
520 ## - SUMMARY, ETC.
Summary, etc. The story is about a dog named Ike and his daily activities.
521 8# - TARGET AUDIENCE NOTE
Target audience note 100 <br/>
Source Lexile <br/>
521 8# - TARGET AUDIENCE NOTE
Target audience note C <br/>
Source Raz-Plus <br/>
650 ## - SUBJECT ADDED ENTRY--TOPICAL TERM
Topical term or geographic name entry element 1st Level Reader
700 ## - ADDED ENTRY--PERSONAL NAME
Personal name Wheeler , Ron
Relator term Illustrator
942 ## - ADDED ENTRY ELEMENTS (KOHA)
Source of classification or shelving scheme Dewey Decimal Classification
Koha item type Books
Suppress in OPAC No
Holdings
Withdrawn status Lost status Source of classification or shelving scheme Damaged status Not for loan Collection Home library Current library Shelving location Date acquired Total Checkouts Full call number Barcode Date last seen Price effective from Koha item type
    Dewey Decimal Classification     Juvenile Fiction Footprints International School Library Network Toul Tom Poung Campus Footprints International School Library Network Toul Tom Poung Campus TTP Primary Green Bookshelves 02/24/2026   NIC 813.6 FISSE03049 02/24/2026 02/24/2026 Books